| 000 | 01945 a2200217 4500 | ||
|---|---|---|---|
| 001 | 57117 | ||
| 005 | 20260407155833.0 | ||
| 008 | 260407a1968 arg spa d | ||
| 003 | AR-UNSa-BCEJYS | ||
| 040 |
_aAR-UNSa-BCEJYS _bspa _cAR-UNSa-BCEJYS |
||
| 080 |
_a330.834 _xKeynes y el keynesianismo. Neokeynesianismo. Poskeynesianismo |
||
| 245 | 1 | 0 |
_aSocialismo y capitalismo comparados _pLa teoría general de Keynes |
| 264 | 1 |
_aBarcelona : _bAriel _c1968 |
|
| 300 |
_a192 p. _c18 cm. |
||
| 505 | _aSocialismo y capitalismo: 1.Definicion y descripción – 2.Distribucion de la riqueza y la renta entre las personas – 3.La asignación de los recursos productivos – 4.El paro – 5.Beneficio y eficacia técnica – 6.El problema de los incentivos – 7.El problema de la asignación de los recursos productivos en condiciones de planificación socialista – 8.Problemas relacionados con los tipos de interés La teoría general de Keynes: 1.Preliminares – 2.El objetivo básico de la teoría general – 3.El pleno empleo – 4.Renta,ahorro e inversión en la cantidad de dinero y el tipo de interés – 5.Las funciones – 6.El esquema fundamental de Keynes – 7.Condiciones necesarias del equilibrio Keynesiano – 8.Naturaleza del equilibrio keynesiano – 9.Diferencias entre las situaciones de equilibrio a corto plazo – 10.Diferencia entre la curva de demanda de inversión – 11.Diferencia entre la curva de oferta de inversión – 12.Diferencia en la curva de preferencia por la liquidez – 13.Diferencia en la cantidad de dinero – 14.Diferencia en el tipo de salario monetario – 15.Consideracion de varios cambios simultáneos – 16.Las expectativas – 17.El estado y la inversión – 18.Logros y limitaciones del análisis de Keynes – 19.Conclusiones. | ||
| 942 | _cBK | ||
| 590 | _aniveau_biblio:m niveau_hierar:0 | ||
| 100 | 1 | _aPigou, Arthur C. | |
| 700 | 1 | _aSacristán, Manuel | |
| 700 | 1 | _aPastor, Alfredo | |
| 999 |
_c6119 _d6119 |
||